Justus Liebigs Annalen der Chemie.

Bibliographic Details
New Title:Liebigs Annalen der Chemie
Previous Title:Justus Liebig's Annalen der Chemie und Pharmacie
Format: Journal
Language:German
Published: Berlin : Verlag Chemie, -1978.
Subjects:
Online Availability: Check for online availability

MARC

Tag First Indicator Second Indicator Subfields
LEADER 00000cas a2200000 a 4500
001 in00000313313
005 20151010141804.0
008 760712d18741978gw mr p 0 a0ger c
010 |a  08036877  
016 7 |a 0400657  |2 DNLM 
016 7 |a J43100000  |2 DNLM 
019 |a 2257516 
022 |a 0075-4617  |l 0075-4617  |z 0091-7621  |2 z 
029 1 |a NLM  |b 0400657 
029 1 |a NLGGC  |b 842704914 
029 1 |a NZ1  |b 2900682 
029 1 |a AU@  |b 000004654407 
029 1 |a AU@  |b 000040697363 
029 1 |a AU@  |b 000040267320 
030 |a JLACBF 
035 |a (OCoLC)ocm01754927 
040 |a MUL  |c MUL  |d OCL  |d COO  |d NYG  |d NSD  |d OCL  |d IUL  |d OCL  |d RCS  |d AIP  |d NSD  |d DLC  |d NSD  |d NST  |d CRL  |d NST  |d OCL  |d OCLCQ  |d NLM  |d OCLCQ  |d NLGGC  |d LVB  |d MYG  |d OCLCQ  |d UtOrBLW 
042 |a nsdp  |a pcc 
049 |a TXAM 
050 0 0 |a QD1  |b .L7 
060 0 0 |a W1  |b JU772 
060 0 0 |a Film S01283 
092 |a 540.5  |b A612 
210 0 |a Justus Liebigs Ann. Chem. 
222 0 |a Justus Liebigs Annalen der Chemie 
245 0 0 |a Justus Liebigs Annalen der Chemie. 
246 3 0 |a Annalen der Chemie 
264 1 |a Berlin :  |b Verlag Chemie,  |c -1978. 
300 |a volumes :  |b illustrations ;  |c 21 cm. 
310 |a Monthly 
336 |a text  |b txt  |2 rdacontent 
337 |a unmediated  |b n  |2 rdamedia 
338 |a volume  |b nc  |2 rdacarrier 
362 1 |a Began with: Bd. 173, published in 1874. 
362 0 |a -1978, Heft 12. 
500 |a Imprint varies. 
500 |a Description based on: Bd. 549, Heft 2, published in 1941; title from cover. 
515 |a Individual volume numbering discontinued with 1973. 
515 |a Some no. issued in combined form. 
530 |a Also issued online. 
555 |a Bd. 165 (1873)-220 (1883) (Includes index to an earlier title). 1 v.; Bd. 221 (1884)-276 (1893). 1 v.; Bd. 277 (1893)-328 (1903). 1 v.; Bd. 329 (1903)-380 (1911). 1 v.; Bd. 381 (1912)-430 (1923). 1 v.; Bd. 431 (1923)-500 (1932), with index for Bd. 381-430; Bd. 501 (1933)-550 (1942). l v.; Bd. 551 (1942)-600 (1956). l v. Bds. 1-460 have also indexes in every fourth volume. Bd. 468-<540> in every eighth volume. 
650 0 |a Chemistry  |v Periodicals. 
650 0 |a Pharmacy  |v Periodicals. 
650 2 |a Chemistry  |v Periodicals. 
776 0 8 |i Online version:  |t Justus Liebigs Annalen der Chemie  |w (OCoLC)230745318 
780 0 0 |t Justus Liebig's Annalen der Chemie und Pharmacie  |w (DLC) 86655150  |w (OCoLC)1778750 
785 0 0 |t Liebigs Annalen der Chemie  |x 0170-2041  |w (DLC) 80644142  |w (OCoLC)4719928 
850 |a AzU  |a CaMWU  |a DLC  |a ICRL  |a MnU  |a NcD  |a NjR  |a PU  |a WvU 
994 |a C0  |b TXA 
949 |a updated  |b h  |c 2012/7/27  |e coplinger  |f 11:19:28 am 
999 |a MARS 
999 f f |s ee681898-e649-3fe5-977c-9e45ebedc7ba  |i c3cb8258-bbdc-3c27-b39a-eea4daa44fbf  |t 0 
952 f f |p ric  |a Texas A&M University  |b Rellis Campus  |c Joint Library Facility  |d Remote Storage  |t 0  |e QD1 .L7  |h Library of Congress classification  |i unmediated -- volume  |k Bd.585-586  |l 1954  |m A14813830263 
952 f f |p ric  |a Texas A&M University  |b Rellis Campus  |c Joint Library Facility  |d Remote Storage  |t 0  |e QD1 .L7  |h Library of Congress classification  |i unmediated -- volume  |k Bd.429  |l 1922  |m A14813829539 
952 f f |p ric  |a Texas A&M University  |b Rellis Campus  |c Joint Library Facility  |d Remote Storage  |t 0  |e QD1 .L7  |h Library of Congress classification  |i unmediated -- volume  |k Bd.351-352  |l 1906  |m A14813828960 
952 f f |p ric  |a Texas A&M University  |b Rellis Campus  |c Joint Library Facility  |d Remote Storage  |t 0  |e QD1 .L7  |h Library of Congress classification  |i unmediated -- volume  |k Bd.191-192  |l 1878  |m A14841532039 
952 f f |p ric  |a Texas A&M University  |b Rellis Campus  |c Joint Library Facility  |d Remote Storage  |t 0  |e QD1 .L7  |h Library of Congress classification  |i unmediated -- volume  |k Bd.329-330  |l 1903  |m A14822496842 
952 f f |p ric  |a Texas A&M University  |b Rellis Campus  |c Joint Library Facility  |d Remote Storage  |t 0  |e QD1 .L7  |h Library of Congress classification  |i unmediated -- volume  |k Bd.623-626  |l 1959  |m A14818744495 
952 f f |p ric  |a Texas A&M University  |b Rellis Campus  |c Joint Library Facility  |d Remote Storage  |t 0  |e QD1 .L7  |h Library of Congress classification  |i unmediated -- volume  |k Bd.505-506  |l 1933  |m A14813829927 
952 f f |p ric  |a Texas A&M University  |b Rellis Campus  |c Joint Library Facility  |d Remote Storage  |t 0  |e QD1 .L7  |h Library of Congress classification  |i unmediated -- volume  |k Bd.369-370  |l 1909  |m A14813829257 
952 f f |p ric  |a Texas A&M University  |b Rellis Campus  |c Joint Library Facility  |d Remote Storage  |t 0  |e QD1 .L7  |h Library of Congress classification  |i unmediated -- volume  |k Bd.175-176  |l 1875  |m A14841532110 
952 f f |p ric  |a Texas A&M University  |b Rellis Campus  |c Joint Library Facility  |d Remote Storage  |t 0  |e QD1 .L7  |h Library of Congress classification  |i unmediated -- volume  |k Bd.463-464  |l 1928  |m A14813829711 
952 f f |p ric  |a Texas A&M University  |b Rellis Campus  |c Joint Library Facility  |d Remote Storage  |t 0  |e QD1 .L7  |h Library of Congress classification  |i unmediated -- volume  |k Bd.255-256  |l 1889  |m A14841539413 
952 f f |p ric  |a Texas A&M University  |b Rellis Campus  |c Joint Library Facility  |d Remote Storage  |t 0  |e QD1 .L7  |h Library of Congress classification  |i unmediated -- volume  |k Bd.579-580  |l 1953  |m A14813830230 
952 f f |p ric  |a Texas A&M University  |b Rellis Campus  |c Joint Library Facility  |d Remote Storage  |t 0  |e QD1 .L7  |h Library of Congress classification  |i unmediated -- volume  |k Bd.211-212  |l 1882  |m A14813829018 
952 f f |p ric  |a Texas A&M University  |b Rellis Campus  |c Joint Library Facility  |d Remote Storage  |t 0  |e QD1 .L7  |h Library of Congress classification  |i unmediated -- volume  |k Bd.583-584  |l 1953  |m A14813830255 
952 f f |p ric  |a Texas A&M University  |b Rellis Campus  |c Joint Library Facility  |d Remote Storage  |t 0  |e QD1 .L7  |h Library of Congress classification  |i unmediated -- volume  |k Bd.291-292  |l 1896  |m A14841539489 
952 f f |p ric  |a Texas A&M University  |b Rellis Campus  |c Joint Library Facility  |d Remote Storage  |t 0  |e QD1 .L7  |h Library of Congress classification  |i unmediated -- volume  |k Bd.509-510  |l 1934  |m A14813829943 
952 f f |p ric  |a Texas A&M University  |b Rellis Campus  |c Joint Library Facility  |d Remote Storage  |t 0  |e QD1 .L7  |h Library of Congress classification  |i unmediated -- volume  |k Bd.418-419  |l 1919  |m A14813829463 
952 f f |p ric  |a Texas A&M University  |b Rellis Campus  |c Joint Library Facility  |d Remote Storage  |t 0  |e QD1 .L7  |h Library of Congress classification  |i unmediated -- volume  |k Bd.483-484  |l 1930  |m A14813829836 
952 f f |p ric  |a Texas A&M University  |b Rellis Campus  |c Joint Library Facility  |d Remote Storage  |t 0  |e QD1 .L7  |h Library of Congress classification  |i unmediated -- volume  |k 1973:Heft 5-8  |m A14813831733 
952 f f |p ric  |a Texas A&M University  |b Rellis Campus  |c Joint Library Facility  |d Remote Storage  |t 0  |e QD1 .L7  |h Library of Congress classification  |i unmediated -- volume  |k Bd.241-242  |l 1887  |m A14841531897 
952 f f |p ric  |a Texas A&M University  |b Rellis Campus  |c Joint Library Facility  |d Remote Storage  |t 0  |e QD1 .L7  |h Library of Congress classification  |i unmediated -- volume  |k Bd.561-562  |l 1948-1949  |m A14813830123 
952 f f |p ric  |a Texas A&M University  |b Rellis Campus  |c Joint Library Facility  |d Remote Storage  |t 0  |e QD1 .L7  |h Library of Congress classification  |i unmediated -- volume  |k Bd.497-498  |l 1932  |m A14813829885 
952 f f |p ric  |a Texas A&M University  |b Rellis Campus  |c Joint Library Facility  |d Remote Storage  |t 0  |e QD1 .L7  |h Library of Congress classification  |i unmediated -- volume  |k 1975:Heft 1-6  |m 32939000045905 
952 f f |p ric  |a Texas A&M University  |b Rellis Campus  |c Joint Library Facility  |d Remote Storage  |t 0  |e QD1 .L7  |h Library of Congress classification  |i unmediated -- volume  |k Bd.371-372  |l 1910  |m A14813829265 
952 f f |p ric  |a Texas A&M University  |b Rellis Campus  |c Joint Library Facility  |d Remote Storage  |t 0  |e QD1 .L7  |h Library of Congress classification  |i unmediated -- volume  |k Bd.341-342  |l 1905  |m A14813829166 
952 f f |p ric  |a Texas A&M University  |b Rellis Campus  |c Joint Library Facility  |d Remote Storage  |t 0  |e QD1 .L7  |h Library of Congress classification  |i unmediated -- volume  |k Bd.759-766  |l 1972  |m A14813851247 
952 f f |p ric  |a Texas A&M University  |b Rellis Campus  |c Joint Library Facility  |d Remote Storage  |t 0  |e QD1 .L7  |h Library of Congress classification  |i unmediated -- volume  |k Bd.243-244  |l 1888  |m A14841531790 
952 f f |p ric  |a Texas A&M University  |b Rellis Campus  |c Joint Library Facility  |d Remote Storage  |t 0  |e QD1 .L7  |h Library of Congress classification  |i unmediated -- volume  |k Bd.401-402  |l 1913  |m A14813829398 
952 f f |p ric  |a Texas A&M University  |b Rellis Campus  |c Joint Library Facility  |d Remote Storage  |t 0  |e QD1 .L7  |h Library of Congress classification  |i unmediated -- volume  |k Bd.451-452  |l 1926-1927  |m A14813829646 
952 f f |p ric  |a Texas A&M University  |b Rellis Campus  |c Joint Library Facility  |d Remote Storage  |t 0  |e QD1 .L7  |h Library of Congress classification  |i unmediated -- volume  |k Bd.349-350  |l 1906  |m A14813828952 
952 f f |p ric  |a Texas A&M University  |b Rellis Campus  |c Joint Library Facility  |d Remote Storage  |t 0  |e QD1 .L7  |h Library of Congress classification  |i unmediated -- volume  |k Bd.569-570  |l 1950  |m A14813830156 
952 f f |p ric  |a Texas A&M University  |b Rellis Campus  |c Joint Library Facility  |d Remote Storage  |t 0  |e QD1 .L7  |h Library of Congress classification  |i unmediated -- volume  |k Bd.181-182  |l 1876  |m A14841532047 
952 f f |p ric  |a Texas A&M University  |b Rellis Campus  |c Joint Library Facility  |d Remote Storage  |t 0  |e QD1 .L7  |h Library of Congress classification  |i unmediated -- volume  |k Bd.277/328:Register  |l 1893/1903  |m A14813829158 
952 f f |p ric  |a Texas A&M University  |b Rellis Campus  |c Joint Library Facility  |d Remote Storage  |t 0  |e QD1 .L7  |h Library of Congress classification  |i unmediated -- volume  |k Bd.319-320  |l 1902  |m A14813829026 
952 f f |p ric  |a Texas A&M University  |b Rellis Campus  |c Joint Library Facility  |d Remote Storage  |t 0  |e QD1 .L7  |h Library of Congress classification  |i unmediated -- volume  |k Bd.701-705  |l 1967  |m A14811208731 
952 f f |p ric  |a Texas A&M University  |b Rellis Campus  |c Joint Library Facility  |d Remote Storage  |t 0  |e QD1 .L7  |h Library of Congress classification  |i unmediated -- volume  |k Bd.441-442  |l 1925  |m A14813829604 
952 f f |p ric  |a Texas A&M University  |b Rellis Campus  |c Joint Library Facility  |d Remote Storage  |t 0  |e QD1 .L7  |h Library of Congress classification  |i unmediated -- volume  |k Bd.499-500  |l 1932-1933  |m A14813829893 
952 f f |p ric  |a Texas A&M University  |b Rellis Campus  |c Joint Library Facility  |d Remote Storage  |t 0  |e QD1 .L7  |h Library of Congress classification  |i unmediated -- volume  |k Bd.303-304  |l 1898  |m A14841539625 
952 f f |p ric  |a Texas A&M University  |b Rellis Campus  |c Joint Library Facility  |d Remote Storage  |t 0  |e QD1 .L7  |h Library of Congress classification  |i unmediated -- volume  |k Bd.503-504  |l 1933  |m A14813829919 
952 f f |p ric  |a Texas A&M University  |b Rellis Campus  |c Joint Library Facility  |d Remote Storage  |t 0  |e QD1 .L7  |h Library of Congress classification  |i unmediated -- volume  |k Bd.755-758  |l 1972  |m A14813831717 
952 f f |p ric  |a Texas A&M University  |b Rellis Campus  |c Joint Library Facility  |d Remote Storage  |t 0  |e QD1 .L7  |h Library of Congress classification  |i unmediated -- volume  |k Bd.375-376  |l 1910  |m A14813829281 
952 f f |p ric  |a Texas A&M University  |b Rellis Campus  |c Joint Library Facility  |d Remote Storage  |t 0  |e QD1 .L7  |h Library of Congress classification  |i unmediated -- volume  |k Bd.431-432  |l 1923  |m A14813829554 
952 f f |p ric  |a Texas A&M University  |b Rellis Campus  |c Joint Library Facility  |d Remote Storage  |t 0  |e QD1 .L7  |h Library of Congress classification  |i unmediated -- volume  |k Bd.430  |l 1922-1923  |m A14813829547 
952 f f |p ric  |a Texas A&M University  |b Rellis Campus  |c Joint Library Facility  |d Remote Storage  |t 0  |e QD1 .L7  |h Library of Congress classification  |i unmediated -- volume  |k Bd.449-450  |l 1926  |m A14813829638 
952 f f |p ric  |a Texas A&M University  |b Rellis Campus  |c Joint Library Facility  |d Remote Storage  |t 0  |e QD1 .L7  |h Library of Congress classification  |i unmediated -- volume  |k Bd.422-423  |l 1921  |m A14813829489 
952 f f |p ric  |a Texas A&M University  |b Rellis Campus  |c Joint Library Facility  |d Remote Storage  |t 0  |e QD1 .L7  |h Library of Congress classification  |i unmediated -- volume  |k Bd.541-542  |l 1939  |m A14813830065 
952 f f |p ric  |a Texas A&M University  |b Rellis Campus  |c Joint Library Facility  |d Remote Storage  |t 0  |e QD1 .L7  |h Library of Congress classification  |i unmediated -- volume  |k Bd.199-200  |l 1879  |m A14841531960 
952 f f |p ric  |a Texas A&M University  |b Rellis Campus  |c Joint Library Facility  |d Remote Storage  |t 0  |e QD1 .L7  |h Library of Congress classification  |i unmediated -- volume  |k Bd.329/380:Register  |l 1903/1911  |m A14813829331 
952 f f |p ric  |a Texas A&M University  |b Rellis Campus  |c Joint Library Facility  |d Remote Storage  |t 0  |e QD1 .L7  |h Library of Congress classification  |i unmediated -- volume  |k Bd.493-494  |l 1932  |m A14813829869 
952 f f |p ric  |a Texas A&M University  |b Rellis Campus  |c Joint Library Facility  |d Remote Storage  |t 0  |e QD1 .L7  |h Library of Congress classification  |i unmediated -- volume  |k Bd.521-522  |l 1935-1936  |m A14813829992 
952 f f |p ric  |a Texas A&M University  |b Rellis Campus  |c Joint Library Facility  |d Remote Storage  |t 0  |e QD1 .L7  |h Library of Congress classification  |i unmediated -- volume  |k Bd.321-322  |l 1902  |m A14813829133 
952 f f |p ric  |a Texas A&M University  |b Rellis Campus  |c Joint Library Facility  |d Remote Storage  |t 0  |e QD1 .L7  |h Library of Congress classification  |i unmediated -- volume  |k Bd.604-606  |l 1957  |m A14813830305 
952 f f |p ric  |a Texas A&M University  |b Rellis Campus  |c Joint Library Facility  |d Remote Storage  |t 0  |e QD1 .L7  |h Library of Congress classification  |i unmediated -- volume  |k Bd.197-198  |l 1879  |m A14841532097 
952 f f |p ric  |a Texas A&M University  |b Rellis Campus  |c Joint Library Facility  |d Remote Storage  |t 0  |e QD1 .L7  |h Library of Congress classification  |i unmediated -- volume  |k Bd.325-326  |l 1903  |m A14813829034 
952 f f |p ric  |a Texas A&M University  |b Rellis Campus  |c Joint Library Facility  |d Remote Storage  |t 0  |e QD1 .L7  |h Library of Congress classification  |i unmediated -- volume  |k Bd.563-564  |l 1949  |m A14813830131 
952 f f |p ric  |a Texas A&M University  |b Rellis Campus  |c Joint Library Facility  |d Remote Storage  |t 0  |e QD1 .L7  |h Library of Congress classification  |i unmediated -- volume  |k Bd.601-603  |l 1956-1957  |m A14813830297 
952 f f |p ric  |a Texas A&M University  |b Rellis Campus  |c Joint Library Facility  |d Remote Storage  |t 0  |e QD1 .L7  |h Library of Congress classification  |i unmediated -- volume  |k Bd.219-220  |l 1883  |m A14841531944 
952 f f |p ric  |a Texas A&M University  |b Rellis Campus  |c Joint Library Facility  |d Remote Storage  |t 0  |e QD1 .L7  |h Library of Congress classification  |i unmediated -- volume  |k Bd.453-454  |l 1927  |m A14813829653 
952 f f |p ric  |a Texas A&M University  |b Rellis Campus  |c Joint Library Facility  |d Remote Storage  |t 0  |e QD1 .L7  |h Library of Congress classification  |i unmediated -- volume  |k Bd.439-440  |l 1924  |m A14813829596 
952 f f |p ric  |a Texas A&M University  |b Rellis Campus  |c Joint Library Facility  |d Remote Storage  |t 0  |e QD1 .L7  |h Library of Congress classification  |i unmediated -- volume  |k Bd.227-228  |l 1885  |m A14841531902 
952 f f |p ric  |a Texas A&M University  |b Rellis Campus  |c Joint Library Facility  |d Remote Storage  |t 0  |e QD1 .L7  |h Library of Congress classification  |i unmediated -- volume  |k Bd.265-266  |l 1891  |m A14813828796 
952 f f |p ric  |a Texas A&M University  |b Rellis Campus  |c Joint Library Facility  |d Remote Storage  |t 0  |e QD1 .L7  |h Library of Congress classification  |i unmediated -- volume  |k Bd.535-536  |l 1938  |m A14813830040 
952 f f |p ric  |a Texas A&M University  |b Rellis Campus  |c Joint Library Facility  |d Remote Storage  |t 0  |e QD1 .L7  |h Library of Congress classification  |i unmediated -- volume  |k Bd.529-530  |l 1937  |m A14813830016 
952 f f |p ric  |a Texas A&M University  |b Rellis Campus  |c Joint Library Facility  |d Remote Storage  |t 0  |e QD1 .L7  |h Library of Congress classification  |i unmediated -- volume  |k Bd.333-334  |l 1904  |m A14813829042 
952 f f |p ric  |a Texas A&M University  |b Rellis Campus  |c Joint Library Facility  |d Remote Storage  |t 0  |e QD1 .L7  |h Library of Congress classification  |i unmediated -- volume  |k Bd.655-658  |l 1962  |m A14812187132 
952 f f |p ric  |a Texas A&M University  |b Rellis Campus  |c Joint Library Facility  |d Remote Storage  |t 0  |e QD1 .L7  |h Library of Congress classification  |i unmediated -- volume  |k Bd.221-222  |l 1883  |m A14841531847 
952 f f |p ric  |a Texas A&M University  |b Rellis Campus  |c Joint Library Facility  |d Remote Storage  |t 0  |e QD1 .L7  |h Library of Congress classification  |i unmediated -- volume  |k Bd.397-398  |l 1913  |m A14813829372 
952 f f |p ric  |a Texas A&M University  |b Rellis Campus  |c Joint Library Facility  |d Remote Storage  |t 0  |e QD1 .L7  |h Library of Congress classification  |i unmediated -- volume  |k Bd.487-488  |l 1931  |m A14813829851 
952 f f |p ric  |a Texas A&M University  |b Rellis Campus  |c Joint Library Facility  |d Remote Storage  |t 0  |e QD1 .L7  |h Library of Congress classification  |i unmediated -- volume  |k Bd.485-486  |l 1931  |m A14813829844 
952 f f |p ric  |a Texas A&M University  |b Rellis Campus  |c Joint Library Facility  |d Remote Storage  |t 0  |e QD1 .L7  |h Library of Congress classification  |i unmediated -- volume  |k Bd.293-294  |l 1896  |m A14841539617 
952 f f |p ric  |a Texas A&M University  |b Rellis Campus  |c Joint Library Facility  |d Remote Storage  |t 0  |e QD1 .L7  |h Library of Congress classification  |i unmediated -- volume  |k 1978:Heft 7-12  |m 32939000045892 
952 f f |p ric  |a Texas A&M University  |b Rellis Campus  |c Joint Library Facility  |d Remote Storage  |t 0  |e QD1 .L7  |h Library of Congress classification  |i unmediated -- volume  |k Bd.747-750  |l 1971  |m A14813831709 
952 f f |p ric  |a Texas A&M University  |b Rellis Campus  |c Joint Library Facility  |d Remote Storage  |t 0  |e QD1 .L7  |h Library of Congress classification  |i unmediated -- volume  |k 1973:Heft 1-4  |m A14813831725 
952 f f |p ric  |a Texas A&M University  |b Rellis Campus  |c Joint Library Facility  |d Remote Storage  |t 0  |e QD1 .L7  |h Library of Congress classification  |i unmediated -- volume  |k Bd.575-576  |l 1951-1952  |m A14813830214 
952 f f |p ric  |a Texas A&M University  |b Rellis Campus  |c Joint Library Facility  |d Remote Storage  |t 0  |e QD1 .L7  |h Library of Congress classification  |i unmediated -- volume  |k Bd.553-554  |l 1942-1943  |m A14813830180 
952 f f |p ric  |a Texas A&M University  |b Rellis Campus  |c Joint Library Facility  |d Remote Storage  |t 0  |e QD1 .L7  |h Library of Congress classification  |i unmediated -- volume  |k Bd.327-328  |l 1903  |m A14813828929 
952 f f |p ric  |a Texas A&M University  |b Rellis Campus  |c Joint Library Facility  |d Remote Storage  |t 0  |e QD1 .L7  |h Library of Congress classification  |i unmediated -- volume  |k Bd.469-470  |l 1929  |m A14813829778 
952 f f |p ric  |a Texas A&M University  |b Rellis Campus  |c Joint Library Facility  |d Remote Storage  |t 0  |e QD1 .L7  |h Library of Congress classification  |i unmediated -- volume  |k Bd.403-404  |l 1914  |m A14813829406 
952 f f |p ric  |a Texas A&M University  |b Rellis Campus  |c Joint Library Facility  |d Remote Storage  |t 0  |e QD1 .L7  |h Library of Congress classification  |i unmediated -- volume  |k Bd.289-290  |l 1896  |m A14829766125 
952 f f |p ric  |a Texas A&M University  |b Rellis Campus  |c Joint Library Facility  |d Remote Storage  |t 0  |e QD1 .L7  |h Library of Congress classification  |i unmediated -- volume  |k Bd.189-190  |l 1877-1878  |m A14841532005 
952 f f |p ric  |a Texas A&M University  |b Rellis Campus  |c Joint Library Facility  |d Remote Storage  |t 0  |e QD1 .L7  |h Library of Congress classification  |i unmediated -- volume  |k Bd.385-386  |l 1911  |m A14813829323 
952 f f |p ric  |a Texas A&M University  |b Rellis Campus  |c Joint Library Facility  |d Remote Storage  |t 0  |e QD1 .L7  |h Library of Congress classification  |i unmediated -- volume  |k Bd.525-526  |l 1936  |m A14813830008 
952 f f |p ric  |a Texas A&M University  |b Rellis Campus  |c Joint Library Facility  |d Remote Storage  |t 0  |e QD1 .L7  |h Library of Congress classification  |i unmediated -- volume  |k Bd.379-380  |l 1911  |m A14813829307 
952 f f |p ric  |a Texas A&M University  |b Rellis Campus  |c Joint Library Facility  |d Remote Storage  |t 0  |e QD1 .L7  |h Library of Congress classification  |i unmediated -- volume  |k Bd.607-610  |l 1957  |m A14813830313 
952 f f |p ric  |a Texas A&M University  |b Rellis Campus  |c Joint Library Facility  |d Remote Storage  |t 0  |e QD1 .L7  |h Library of Congress classification  |i unmediated -- volume  |k Bd.411-412  |l 1916  |m A14813829448 
952 f f |p ric  |a Texas A&M University  |b Rellis Campus  |c Joint Library Facility  |d Remote Storage  |t 0  |e QD1 .L7  |h Library of Congress classification  |i unmediated -- volume  |k Bd.237-238  |l 1887  |m A14841531839 
952 f f |p ric  |a Texas A&M University  |b Rellis Campus  |c Joint Library Facility  |d Remote Storage  |t 0  |e QD1 .L7  |h Library of Congress classification  |i unmediated -- volume  |k Bd.225-226  |l 1884  |m A14841531871 
952 f f |p ric  |a Texas A&M University  |b Rellis Campus  |c Joint Library Facility  |d Remote Storage  |t 0  |e QD1 .L7  |h Library of Congress classification  |i unmediated -- volume  |k Bd.443-444  |l 1925  |m A14813829612 
952 f f |p ric  |a Texas A&M University  |b Rellis Campus  |c Joint Library Facility  |d Remote Storage  |t 0  |e QD1 .L7  |h Library of Congress classification  |i unmediated -- volume  |k 1976:Heft 1-6  |m 32939000045907 
952 f f |p ric  |a Texas A&M University  |b Rellis Campus  |c Joint Library Facility  |d Remote Storage  |t 0  |e QD1 .L7  |h Library of Congress classification  |i unmediated -- volume  |k Bd.317-318  |l 1901  |m A14822500609 
952 f f |p ric  |a Texas A&M University  |b Rellis Campus  |c Joint Library Facility  |d Remote Storage  |t 0  |e QD1 .L7  |h Library of Congress classification  |i unmediated -- volume  |k Bd.275-276  |l 1893  |m A14841539536 
952 f f |p ric  |a Texas A&M University  |b Rellis Campus  |c Joint Library Facility  |d Remote Storage  |t 0  |e QD1 .L7  |h Library of Congress classification  |i unmediated -- volume  |k Bd.395-396  |l 1912  |m A14813829364 
952 f f |p ric  |a Texas A&M University  |b Rellis Campus  |c Joint Library Facility  |d Remote Storage  |t 0  |e QD1 .L7  |h Library of Congress classification  |i unmediated -- volume  |k Bd.481-482  |l 1930  |m A14813829828 
952 f f |p ric  |a Texas A&M University  |b Rellis Campus  |c Joint Library Facility  |d Remote Storage  |t 0  |e QD1 .L7  |h Library of Congress classification  |i unmediated -- volume  |k Bd.533-534  |l 1937-1938  |m A14813830032 
952 f f |p ric  |a Texas A&M University  |b Rellis Campus  |c Joint Library Facility  |d Remote Storage  |t 0  |e QD1 .L7  |h Library of Congress classification  |i unmediated -- volume  |k Bd.263-264  |l 1891  |m A14813828903 
952 f f |p ric  |a Texas A&M University  |b Rellis Campus  |c Joint Library Facility  |d Remote Storage  |t 0  |e QD1 .L7  |h Library of Congress classification  |i unmediated -- volume  |k 1973:Heft 9-12  |m A14813831741 
952 f f |p ric  |a Texas A&M University  |b Rellis Campus  |c Joint Library Facility  |d Remote Storage  |t 0  |e QD1 .L7  |h Library of Congress classification  |i unmediated -- volume  |k Bd.475-476  |l 1929  |m A14813829794 
952 f f |p ric  |a Texas A&M University  |b Rellis Campus  |c Joint Library Facility  |d Remote Storage  |t 0  |e QD1 .L7  |h Library of Congress classification  |i unmediated -- volume  |k Bd.231-232  |l 1885-1886  |m A14832377058 
952 f f |p ric  |a Texas A&M University  |b Rellis Campus  |c Joint Library Facility  |d Remote Storage  |t 0  |e QD1 .L7  |h Library of Congress classification  |i unmediated -- volume  |k Bd.183-184  |l 1876  |m A14841532071 
952 f f |p ric  |a Texas A&M University  |b Rellis Campus  |c Joint Library Facility  |d Remote Storage  |t 0  |e QD1 .L7  |h Library of Congress classification  |i unmediated -- volume  |k Bd.187-188  |l 1877  |m A14841532136 
952 f f |p ric  |a Texas A&M University  |b Rellis Campus  |c Joint Library Facility  |d Remote Storage  |t 0  |e QD1 .L7  |h Library of Congress classification  |i unmediated -- volume  |k Bd.435-436  |l 1923-1924  |m A14813829570 
952 f f |p ric  |a Texas A&M University  |b Rellis Campus  |c Joint Library Facility  |d Remote Storage  |t 0  |e QD1 .L7  |h Library of Congress classification  |i unmediated -- volume  |k Bd.577-578  |l 1952  |m A14813830222 
952 f f |p ric  |a Texas A&M University  |b Rellis Campus  |c Joint Library Facility  |d Remote Storage  |t 0  |e QD1 .L7  |h Library of Congress classification  |i unmediated -- volume  |k 1974:Heft 10-12  |m A14827486460 
952 f f |p ric  |a Texas A&M University  |b Rellis Campus  |c Joint Library Facility  |d Remote Storage  |t 0  |e QD1 .L7  |h Library of Congress classification  |i unmediated -- volume  |k 1978:Heft 1-6  |m 32939000045904 
952 f f |p ric  |a Texas A&M University  |b Rellis Campus  |c Joint Library Facility  |d Remote Storage  |t 0  |e QD1 .L7  |h Library of Congress classification  |i unmediated -- volume  |k Bd.387-388  |l 1912  |m A14813829349 
952 f f |p ric  |a Texas A&M University  |b Rellis Campus  |c Joint Library Facility  |d Remote Storage  |t 0  |e QD1 .L7  |h Library of Congress classification  |i unmediated -- volume  |k Bd.517-518  |l 1935  |m A14813829976 
952 f f |p ric  |a Texas A&M University  |b Rellis Campus  |c Joint Library Facility  |d Remote Storage  |t 0  |e QD1 .L7  |h Library of Congress classification  |i unmediated -- volume  |k Bd.399-400  |l 1913  |m A14813829380 
952 f f |p ric  |a Texas A&M University  |b Rellis Campus  |c Joint Library Facility  |d Remote Storage  |t 0  |e QD1 .L7  |h Library of Congress classification  |i unmediated -- volume  |k Bd.301-302  |l 1898  |m A14841539659 
952 f f |p ric  |a Texas A&M University  |b Rellis Campus  |c Joint Library Facility  |d Remote Storage  |t 0  |e QD1 .L7  |h Library of Congress classification  |i unmediated -- volume  |k Bd.355-356  |l 1907  |m A14813829075 
952 f f |p ric  |a Texas A&M University  |b Rellis Campus  |c Joint Library Facility  |d Remote Storage  |t 0  |e QD1 .L7  |h Library of Congress classification  |i unmediated -- volume  |k Bd.543-544  |l 1939-1940  |m A14813830073 
952 f f |p ric  |a Texas A&M University  |b Rellis Campus  |c Joint Library Facility  |d Remote Storage  |t 0  |e QD1 .L7  |h Library of Congress classification  |i unmediated -- volume  |k Bd.361-362  |l 1908  |m A14813829174 
952 f f |p ric  |a Texas A&M University  |b Rellis Campus  |c Joint Library Facility  |d Remote Storage  |t 0  |e QD1 .L7  |h Library of Congress classification  |i unmediated -- volume  |k Bd.599-600  |l 1956:Juni-Dez.  |m A14832378313 
952 f f |p ric  |a Texas A&M University  |b Rellis Campus  |c Joint Library Facility  |d Remote Storage  |t 0  |e QD1 .L7  |h Library of Congress classification  |i unmediated -- volume  |k Bd.501/550:Register  |l 1933/1942  |m A14813830172 
952 f f |p ric  |a Texas A&M University  |b Rellis Campus  |c Joint Library Facility  |d Remote Storage  |t 0  |e QD1 .L7  |h Library of Congress classification  |i unmediated -- volume  |k Bd.537-538  |l 1938-1939  |m A14813830057 
952 f f |p ric  |a Texas A&M University  |b Rellis Campus  |c Joint Library Facility  |d Remote Storage  |t 0  |e QD1 .L7  |h Library of Congress classification  |i unmediated -- volume  |k Bd.751-754  |l 1971  |m A14819535695 
952 f f |p ric  |a Texas A&M University  |b Rellis Campus  |c Joint Library Facility  |d Remote Storage  |t 0  |e QD1 .L7  |h Library of Congress classification  |i unmediated -- volume  |k Bd.409-410  |l 1915  |m A14813829430 
952 f f |p ric  |a Texas A&M University  |b Rellis Campus  |c Joint Library Facility  |d Remote Storage  |t 0  |e QD1 .L7  |h Library of Congress classification  |i unmediated -- volume  |k Bd.381-382  |l 1911  |m A14813829315 
952 f f |p ric  |a Texas A&M University  |b Rellis Campus  |c Joint Library Facility  |d Remote Storage  |t 0  |e QD1 .L7  |h Library of Congress classification  |i unmediated -- volume  |k Bd.345-346  |l 1906  |m A14813828945 
952 f f |p ric  |a Texas A&M University  |b Rellis Campus  |c Joint Library Facility  |d Remote Storage  |t 0  |e QD1 .L7  |h Library of Congress classification  |i unmediated -- volume  |k Bd.706-710  |l 1967  |m A14813831642 
952 f f |p ric  |a Texas A&M University  |b Rellis Campus  |c Joint Library Facility  |d Remote Storage  |t 0  |e QD1 .L7  |h Library of Congress classification  |i unmediated -- volume  |k Bd.331-332  |l 1904  |m A14813828705 
952 f f |p ric  |a Texas A&M University  |b Rellis Campus  |c Joint Library Facility  |d Remote Storage  |t 0  |e QD1 .L7  |h Library of Congress classification  |i unmediated -- volume  |k Bd.367-368  |l 1909  |m A14813829232 
952 f f |p ric  |a Texas A&M University  |b Rellis Campus  |c Joint Library Facility  |d Remote Storage  |t 0  |e QD1 .L7  |h Library of Congress classification  |i unmediated -- volume  |k Bd.545-546  |l 1940-1941  |m A14813830081 
952 f f |p ric  |a Texas A&M University  |b Rellis Campus  |c Joint Library Facility  |d Remote Storage  |t 0  |e QD1 .L7  |h Library of Congress classification  |i unmediated -- volume  |k Bd.413-414  |l 1917  |m A14813829455 
952 f f |p ric  |a Texas A&M University  |b Rellis Campus  |c Joint Library Facility  |d Remote Storage  |t 0  |e QD1 .L7  |h Library of Congress classification  |i unmediated -- volume  |k Bd.281-282  |l 1894  |m A14841539447 
952 f f |p ric  |a Texas A&M University  |b Rellis Campus  |c Joint Library Facility  |d Remote Storage  |t 0  |e QD1 .L7  |h Library of Congress classification  |i unmediated -- volume  |k 1974:Heft 4-6  |m A14832376989 
952 f f |p ric  |a Texas A&M University  |b Rellis Campus  |c Joint Library Facility  |d Remote Storage  |t 0  |e QD1 .L7  |h Library of Congress classification  |i unmediated -- volume  |k Bd.217-218  |l 1883  |m A14841531910 
952 f f |p ric  |a Texas A&M University  |b Rellis Campus  |c Joint Library Facility  |d Remote Storage  |t 0  |e QD1 .L7  |h Library of Congress classification  |i unmediated -- volume  |k Bd.547-548  |l 1941  |m A14813830099 
952 f f |p ric  |a Texas A&M University  |b Rellis Campus  |c Joint Library Facility  |d Remote Storage  |t 0  |e QD1 .L7  |h Library of Congress classification  |i unmediated -- volume  |k Bd.595-596  |l 1955  |m A14824182059 
952 f f |p ric  |a Texas A&M University  |b Rellis Campus  |c Joint Library Facility  |d Remote Storage  |t 0  |e QD1 .L7  |h Library of Congress classification  |i unmediated -- volume  |k Bd.407-408  |l 1915  |m A14813829422 
952 f f |p ric  |a Texas A&M University  |b Rellis Campus  |c Joint Library Facility  |d Remote Storage  |t 0  |e QD1 .L7  |h Library of Congress classification  |i unmediated -- volume  |k Bd.179-180  |l 1876  |m A14841532178 
952 f f |p ric  |a Texas A&M University  |b Rellis Campus  |c Joint Library Facility  |d Remote Storage  |t 0  |e QD1 .L7  |h Library of Congress classification  |i unmediated -- volume  |k Bd.515-516  |l 1934-1935  |m A14813829968 
952 f f |p ric  |a Texas A&M University  |b Rellis Campus  |c Joint Library Facility  |d Remote Storage  |t 0  |e QD1 .L7  |h Library of Congress classification  |i unmediated -- volume  |k Bd.279-280  |l 1894  |m A14841539471 
952 f f |p ric  |a Texas A&M University  |b Rellis Campus  |c Joint Library Facility  |d Remote Storage  |t 0  |e QD1 .L7  |h Library of Congress classification  |i unmediated -- volume  |k 1976:Heft 7-12  |m 32939000045909 
952 f f |p ric  |a Texas A&M University  |b Rellis Campus  |c Joint Library Facility  |d Remote Storage  |t 0  |e QD1 .L7  |h Library of Congress classification  |i unmediated -- volume  |k Bd.696-700  |l 1966  |m A14813831634 
952 f f |p ric  |a Texas A&M University  |b Rellis Campus  |c Joint Library Facility  |d Remote Storage  |t 0  |e QD1 .L7  |h Library of Congress classification  |i unmediated -- volume  |k Bd.573-574  |l 1951  |m A14813830206 
952 f f |p ric  |a Texas A&M University  |b Rellis Campus  |c Joint Library Facility  |d Remote Storage  |t 0  |e QD1 .L7  |h Library of Congress classification  |i unmediated -- volume  |k Bd.201-202  |l 1880  |m A14841531994 
952 f f |p ric  |a Texas A&M University  |b Rellis Campus  |c Joint Library Facility  |d Remote Storage  |t 0  |e QD1 .L7  |h Library of Congress classification  |i unmediated -- volume  |k Bd.691-695  |l 1966  |m A14818744445 
952 f f |p ric  |a Texas A&M University  |b Rellis Campus  |c Joint Library Facility  |d Remote Storage  |t 0  |e QD1 .L7  |h Library of Congress classification  |i unmediated -- volume  |k Bd.428  |l 1922  |m A14813829521 
952 f f |p ric  |a Texas A&M University  |b Rellis Campus  |c Joint Library Facility  |d Remote Storage  |t 0  |e QD1 .L7  |h Library of Congress classification  |i unmediated -- volume  |k Bd.433-434  |l 1923  |m A14813829562 
952 f f |p ric  |a Texas A&M University  |b Rellis Campus  |c Joint Library Facility  |d Remote Storage  |t 0  |e QD1 .L7  |h Library of Congress classification  |i unmediated -- volume  |k Bd.589-590  |l 1954  |m A14828091284 
952 f f |p ric  |a Texas A&M University  |b Rellis Campus  |c Joint Library Facility  |d Remote Storage  |t 0  |e QD1 .L7  |h Library of Congress classification  |i unmediated -- volume  |k Bd.587-588  |l 1954  |m A14813830271 
952 f f |p ric  |a Texas A&M University  |b Rellis Campus  |c Joint Library Facility  |d Remote Storage  |t 0  |e QD1 .L7  |h Library of Congress classification  |i unmediated -- volume  |k Bd.455-456  |l 1927  |m A14813829661 
952 f f |p ric  |a Texas A&M University  |b Rellis Campus  |c Joint Library Facility  |d Remote Storage  |t 0  |e QD1 .L7  |h Library of Congress classification  |i unmediated -- volume  |k Bd.305-306  |l 1899  |m A14841539594 
952 f f |p ric  |a Texas A&M University  |b Rellis Campus  |c Joint Library Facility  |d Remote Storage  |t 0  |e QD1 .L7  |h Library of Congress classification  |i unmediated -- volume  |k Bd.631-634  |l 1960  |m A14817698756 
952 f f |p ric  |a Texas A&M University  |b Rellis Campus  |c Joint Library Facility  |d Remote Storage  |t 0  |e QD1 .L7  |h Library of Congress classification  |i unmediated -- volume  |k Bd.205-206  |l 1880  |m A14841532055 
952 f f |p ric  |a Texas A&M University  |b Rellis Campus  |c Joint Library Facility  |d Remote Storage  |t 0  |e QD1 .L7  |h Library of Congress classification  |i unmediated -- volume  |k Bd.277-278  |l 1893  |m A14841539502 
952 f f |p ric  |a Texas A&M University  |b Rellis Campus  |c Joint Library Facility  |d Remote Storage  |t 0  |e QD1 .L7  |h Library of Congress classification  |i unmediated -- volume  |k Bd.353-354  |l 1907  |m A14813829067 
952 f f |p ric  |a Texas A&M University  |b Rellis Campus  |c Joint Library Facility  |d Remote Storage  |t 0  |e QD1 .L7  |h Library of Congress classification  |i unmediated -- volume  |k Bd.269-270  |l 1892  |m A14841539439 
952 f f |p ric  |a Texas A&M University  |b Rellis Campus  |c Joint Library Facility  |d Remote Storage  |t 0  |e QD1 .L7  |h Library of Congress classification  |i unmediated -- volume  |k Bd.223-224  |l 1884  |m A14829493374 
952 f f |p ric  |a Texas A&M University  |b Rellis Campus  |c Joint Library Facility  |d Remote Storage  |t 0  |e QD1 .L7  |h Library of Congress classification  |i unmediated -- volume  |k Bd.295-296  |l 1897  |m A14841539586 
952 f f |p ric  |a Texas A&M University  |b Rellis Campus  |c Joint Library Facility  |d Remote Storage  |t 0  |e QD1 .L7  |h Library of Congress classification  |i unmediated -- volume  |k Bd.627-630  |l 1959  |m A14821482395 
952 f f |p ric  |a Texas A&M University  |b Rellis Campus  |c Joint Library Facility  |d Remote Storage  |t 0  |e QD1 .L7  |h Library of Congress classification  |i unmediated -- volume  |k 1975:Heft 7-12  |m 32939000045910 
952 f f |p ric  |a Texas A&M University  |b Rellis Campus  |c Joint Library Facility  |d Remote Storage  |t 0  |e QD1 .L7  |h Library of Congress classification  |i unmediated -- volume  |k Bd.611-614  |l 1958  |m A14812158989 
952 f f |p ric  |a Texas A&M University  |b Rellis Campus  |c Joint Library Facility  |d Remote Storage  |t 0  |e QD1 .L7  |h Library of Congress classification  |i unmediated -- volume  |k Bd.686-690  |l 1965  |m A14813892829 
952 f f |p ric  |a Texas A&M University  |b Rellis Campus  |c Joint Library Facility  |d Remote Storage  |t 0  |e QD1 .L7  |h Library of Congress classification  |i unmediated -- volume  |k Bd.235-236  |l 1886  |m A14821181444 
952 f f |p ric  |a Texas A&M University  |b Rellis Campus  |c Joint Library Facility  |d Remote Storage  |t 0  |e QD1 .L7  |h Library of Congress classification  |i unmediated -- volume  |k Bd.249-250  |l 1888  |m A14841531813 
952 f f |p ric  |a Texas A&M University  |b Rellis Campus  |c Joint Library Facility  |d Remote Storage  |t 0  |e QD1 .L7  |h Library of Congress classification  |i unmediated -- volume  |k Bd.221/276:Register  |l 1884/1893  |m A14835698788 
952 f f |p ric  |a Texas A&M University  |b Rellis Campus  |c Joint Library Facility  |d Remote Storage  |t 0  |e QD1 .L7  |h Library of Congress classification  |i unmediated -- volume  |k Bd.581-582  |l 1953  |m A14813830248 
952 f f |p ric  |a Texas A&M University  |b Rellis Campus  |c Joint Library Facility  |d Remote Storage  |t 0  |e QD1 .L7  |h Library of Congress classification  |i unmediated -- volume  |k Bd.271-272  |l 1892-1893  |m A14813828689 
952 f f |p ric  |a Texas A&M University  |b Rellis Campus  |c Joint Library Facility  |d Remote Storage  |t 0  |e QD1 .L7  |h Library of Congress classification  |i unmediated -- volume  |k Bd.597-598  |l 1955-1956  |m A14813830289 
952 f f |p ric  |a Texas A&M University  |b Rellis Campus  |c Joint Library Facility  |d Remote Storage  |t 0  |e QD1 .L7  |h Library of Congress classification  |i unmediated -- volume  |k Bd.285-286  |l 1895  |m A14841539544 
952 f f |p ric  |a Texas A&M University  |b Rellis Campus  |c Joint Library Facility  |d Remote Storage  |t 0  |e QD1 .L7  |h Library of Congress classification  |i unmediated -- volume  |k Bd.391-392  |l 1912  |m A14837984070 
952 f f |p ric  |a Texas A&M University  |b Rellis Campus  |c Joint Library Facility  |d Remote Storage  |t 0  |e QD1 .L7  |h Library of Congress classification  |i unmediated -- volume  |k Bd.343-344  |l 1905  |m A14813829059 
952 f f |p ric  |a Texas A&M University  |b Rellis Campus  |c Joint Library Facility  |d Remote Storage  |t 0  |e QD1 .L7  |h Library of Congress classification  |i unmediated -- volume  |k Bd.313-314  |l 1900  |m A14813828804 
952 f f |p ric  |a Texas A&M University  |b Rellis Campus  |c Joint Library Facility  |d Remote Storage  |t 0  |e QD1 .L7  |h Library of Congress classification  |i unmediated -- volume  |k Bd.593-594  |l 1955  |m A14826243982 
952 f f |p ric  |a Texas A&M University  |b Rellis Campus  |c Joint Library Facility  |d Remote Storage  |t 0  |e QD1 .L7  |h Library of Congress classification  |i unmediated -- volume  |k Bd.721-725  |l 1969  |m A14812192501 
952 f f |p ric  |a Texas A&M University  |b Rellis Campus  |c Joint Library Facility  |d Remote Storage  |t 0  |e QD1 .L7  |h Library of Congress classification  |i unmediated -- volume  |k Bd.309-310  |l 1899  |m A14841539691 
952 f f |p ric  |a Texas A&M University  |b Rellis Campus  |c Joint Library Facility  |d Remote Storage  |t 0  |e QD1 .L7  |h Library of Congress classification  |i unmediated -- volume  |k Bd.445-446  |l 1925-1926  |m A14813829620 
952 f f |p ric  |a Texas A&M University  |b Rellis Campus  |c Joint Library Facility  |d Remote Storage  |t 0  |e QD1 .L7  |h Library of Congress classification  |i unmediated -- volume  |k Bd.461-462  |l 1928  |m A14813829695 
952 f f |p ric  |a Texas A&M University  |b Rellis Campus  |c Joint Library Facility  |d Remote Storage  |t 0  |e QD1 .L7  |h Library of Congress classification  |i unmediated -- volume  |k Bd.527-528  |l 1936-1937  |m A14819535718 
952 f f |p ric  |a Texas A&M University  |b Rellis Campus  |c Joint Library Facility  |d Remote Storage  |t 0  |e QD1 .L7  |h Library of Congress classification  |i unmediated -- volume  |k Bd.489-490  |l 1931  |m A14829556627 
952 f f |p ric  |a Texas A&M University  |b Rellis Campus  |c Joint Library Facility  |d Remote Storage  |t 0  |e QD1 .L7  |h Library of Congress classification  |i unmediated -- volume  |k Bd.253-254  |l 1889  |m A14841539374 
952 f f |p ric  |a Texas A&M University  |b Rellis Campus  |c Joint Library Facility  |d Remote Storage  |t 0  |e QD1 .L7  |h Library of Congress classification  |i unmediated -- volume  |k Bd.299-300  |l 1898  |m A14841539528 
952 f f |p ric  |a Texas A&M University  |b Rellis Campus  |c Joint Library Facility  |d Remote Storage  |t 0  |e QD1 .L7  |h Library of Congress classification  |i unmediated -- volume  |k Bd.427  |l 1922  |m A14813829513 
952 f f |p ric  |a Texas A&M University  |b Rellis Campus  |c Joint Library Facility  |d Remote Storage  |t 0  |e QD1 .L7  |h Library of Congress classification  |i unmediated -- volume  |k Bd.465-466  |l 1928  |m A14813829752 
952 f f |p ric  |a Texas A&M University  |b Rellis Campus  |c Joint Library Facility  |d Remote Storage  |t 0  |e QD1 .L7  |h Library of Congress classification  |i unmediated -- volume  |k 1974:Heft 1-3  |m A14813831758 
952 f f |p ric  |a Texas A&M University  |b Rellis Campus  |c Joint Library Facility  |d Remote Storage  |t 0  |e QD1 .L7  |h Library of Congress classification  |i unmediated -- volume  |k Bd.711-715  |l 1968  |m A14813831659 
952 f f |p ric  |a Texas A&M University  |b Rellis Campus  |c Joint Library Facility  |d Remote Storage  |t 0  |e QD1 .L7  |h Library of Congress classification  |i unmediated -- volume  |k Bd.479-480  |l 1930  |m A14813829810 
952 f f |p ric  |a Texas A&M University  |b Rellis Campus  |c Joint Library Facility  |d Remote Storage  |t 0  |e QD1 .L7  |h Library of Congress classification  |i unmediated -- volume  |k Bd.229-230  |l 1885  |m A14841531936 
952 f f |p ric  |a Texas A&M University  |b Rellis Campus  |c Joint Library Facility  |d Remote Storage  |t 0  |e QD1 .L7  |h Library of Congress classification  |i unmediated -- volume  |k Bd.447-448  |l 1926  |m A14813822816 
952 f f |p ric  |a Texas A&M University  |b Rellis Campus  |c Joint Library Facility  |d Remote Storage  |t 0  |e QD1 .L7  |h Library of Congress classification  |i unmediated -- volume  |k Bd.359-360  |l 1908  |m A14813857162 
952 f f |p ric  |a Texas A&M University  |b Rellis Campus  |c Joint Library Facility  |d Remote Storage  |t 0  |e QD1 .L7  |h Library of Congress classification  |i unmediated -- volume  |k Bd.457-458  |l 1927  |m A14813829679 
952 f f |p ric  |a Texas A&M University  |b Rellis Campus  |c Joint Library Facility  |d Remote Storage  |t 0  |e QD1 .L7  |h Library of Congress classification  |i unmediated -- volume  |k Bd.571-572  |l 1951  |m A14813830164 
952 f f |p ric  |a Texas A&M University  |b Rellis Campus  |c Joint Library Facility  |d Remote Storage  |t 0  |e QD1 .L7  |h Library of Congress classification  |i unmediated -- volume  |k Bd.425-426  |l 1921-1922  |m A14813829505 
952 f f |p ric  |a Texas A&M University  |b Rellis Campus  |c Joint Library Facility  |d Remote Storage  |t 0  |e QD1 .L7  |h Library of Congress classification  |i unmediated -- volume  |k Bd.495-496  |l 1932  |m A14813829877 
952 f f |p ric  |a Texas A&M University  |b Rellis Campus  |c Joint Library Facility  |d Remote Storage  |t 0  |e QD1 .L7  |h Library of Congress classification  |i unmediated -- volume  |k Bd.389-390  |l 1912  |m A14813829356 
952 f f |p ric  |a Texas A&M University  |b Rellis Campus  |c Joint Library Facility  |d Remote Storage  |t 0  |e QD1 .L7  |h Library of Congress classification  |i unmediated -- volume  |k Bd.393-394  |l 1912  |m A14813896302 
952 f f |p ric  |a Texas A&M University  |b Rellis Campus  |c Joint Library Facility  |d Remote Storage  |t 0  |e QD1 .L7  |h Library of Congress classification  |i unmediated -- volume  |k Bd.635-638  |l 1960  |m A14813830347 
952 f f |p ric  |a Texas A&M University  |b Rellis Campus  |c Joint Library Facility  |d Remote Storage  |t 0  |e QD1 .L7  |h Library of Congress classification  |i unmediated -- volume  |k Bd.671-675  |l 1964  |m A14813831618 
952 f f |p ric  |a Texas A&M University  |b Rellis Campus  |c Joint Library Facility  |d Remote Storage  |t 0  |e QD1 .L7  |h Library of Congress classification  |i unmediated -- volume  |k Bd.477-478  |l 1929-1930  |m A14813829802 
952 f f |p ric  |a Texas A&M University  |b Rellis Campus  |c Joint Library Facility  |d Remote Storage  |t 0  |e QD1 .L7  |h Library of Congress classification  |i unmediated -- volume  |k Bd.549-550  |l 1941-1942  |m A14825716144 
952 f f |p ric  |a Texas A&M University  |b Rellis Campus  |c Joint Library Facility  |d Remote Storage  |t 0  |e QD1 .L7  |h Library of Congress classification  |i unmediated -- volume  |k Bd.207-208  |l 1881  |m A14841531928 
952 f f |p ric  |a Texas A&M University  |b Rellis Campus  |c Joint Library Facility  |d Remote Storage  |t 0  |e QD1 .L7  |h Library of Congress classification  |i unmediated -- volume  |k Bd.335-336  |l 1904  |m A14813828937 
952 f f |p ric  |a Texas A&M University  |b Rellis Campus  |c Joint Library Facility  |d Remote Storage  |t 0  |e QD1 .L7  |h Library of Congress classification  |i unmediated -- volume  |k Bd.203-204  |l 1880  |m A14841532021 
952 f f |p ric  |a Texas A&M University  |b Rellis Campus  |c Joint Library Facility  |d Remote Storage  |t 0  |e QD1 .L7  |h Library of Congress classification  |i unmediated -- volume  |k Bd.639-642  |l 1961  |m A14813830354 
952 f f |p ric  |a Texas A&M University  |b Rellis Campus  |c Joint Library Facility  |d Remote Storage  |t 0  |e QD1 .L7  |h Library of Congress classification  |i unmediated -- volume  |k 1977:Heft 1-6  |m 32939000045908 
952 f f |p ric  |a Texas A&M University  |b Rellis Campus  |c Joint Library Facility  |d Remote Storage  |t 0  |e QD1 .L7  |h Library of Congress classification  |i unmediated -- volume  |k Bd.239-240  |l 1887  |m A14841531863 
952 f f |p ric  |a Texas A&M University  |b Rellis Campus  |c Joint Library Facility  |d Remote Storage  |t 0  |e QD1 .L7  |h Library of Congress classification  |i unmediated -- volume  |k Bd.185-186  |l 1877  |m A14841532102 
952 f f |p ric  |a Texas A&M University  |b Rellis Campus  |c Joint Library Facility  |d Remote Storage  |t 0  |e QD1 .L7  |h Library of Congress classification  |i unmediated -- volume  |k 1974:Index  |m A14813831774 
952 f f |p ric  |a Texas A&M University  |b Rellis Campus  |c Joint Library Facility  |d Remote Storage  |t 0  |e QD1 .L7  |h Library of Congress classification  |i unmediated -- volume  |k Bd.251-252  |l 1889  |m A14841531774 
952 f f |p ric  |a Texas A&M University  |b Rellis Campus  |c Joint Library Facility  |d Remote Storage  |t 0  |e QD1 .L7  |h Library of Congress classification  |i unmediated -- volume  |k Bd.233-234  |l 1886  |m A14841531805 
952 f f |p ric  |a Texas A&M University  |b Rellis Campus  |c Joint Library Facility  |d Remote Storage  |t 0  |e QD1 .L7  |h Library of Congress classification  |i unmediated -- volume  |k Bd.311-312  |l 1900  |m A14813828697 
952 f f |p ric  |a Texas A&M University  |b Rellis Campus  |c Joint Library Facility  |d Remote Storage  |t 0  |e QD1 .L7  |h Library of Congress classification  |i unmediated -- volume  |k Bd.511-512  |l 1934  |m A14837337736 
952 f f |p ric  |a Texas A&M University  |b Rellis Campus  |c Joint Library Facility  |d Remote Storage  |t 0  |e QD1 .L7  |h Library of Congress classification  |i unmediated -- volume  |k Bd.676-680  |l 1964  |m A14816209978 
952 f f |p ric  |a Texas A&M University  |b Rellis Campus  |c Joint Library Facility  |d Remote Storage  |t 0  |e QD1 .L7  |h Library of Congress classification  |i unmediated -- volume  |k Bd.531-532  |l 1937  |m A14813830024 
952 f f |p ric  |a Texas A&M University  |b Rellis Campus  |c Joint Library Facility  |d Remote Storage  |t 0  |e QD1 .L7  |h Library of Congress classification  |i unmediated -- volume  |k Bd.651-654  |l 1962  |m A14813830388 
952 f f |p ric  |a Texas A&M University  |b Rellis Campus  |c Joint Library Facility  |d Remote Storage  |t 0  |e QD1 .L7  |h Library of Congress classification  |i unmediated -- volume  |k Bd.565-566  |l 1949-1950  |m A14813830149 
952 f f |p ric  |a Texas A&M University  |b Rellis Campus  |c Joint Library Facility  |d Remote Storage  |t 0  |e QD1 .L7  |h Library of Congress classification  |i unmediated -- volume  |k Bd.647-650  |l 1961  |m A14813830370 
952 f f |p ric  |a Texas A&M University  |b Rellis Campus  |c Joint Library Facility  |d Remote Storage  |t 0  |e QD1 .L7  |h Library of Congress classification  |i unmediated -- volume  |k Bd.643-646  |l 1961  |m A14813830362 
952 f f |p ric  |a Texas A&M University  |b Rellis Campus  |c Joint Library Facility  |d Remote Storage  |t 0  |e QD1 .L7  |h Library of Congress classification  |i unmediated -- volume  |k Bd.743-746  |l 1971  |m A14813818639 
952 f f |p ric  |a Texas A&M University  |b Rellis Campus  |c Joint Library Facility  |d Remote Storage  |t 0  |e QD1 .L7  |h Library of Congress classification  |i unmediated -- volume  |k Bd.459-460  |l 1927-1928  |m A14813829687 
952 f f |p ric  |a Texas A&M University  |b Rellis Campus  |c Joint Library Facility  |d Remote Storage  |t 0  |e QD1 .L7  |h Library of Congress classification  |i unmediated -- volume  |k Bd.424  |l 1921  |m A14813829497 
952 f f |p ric  |a Texas A&M University  |b Rellis Campus  |c Joint Library Facility  |d Remote Storage  |t 0  |e QD1 .L7  |h Library of Congress classification  |i unmediated -- volume  |k Bd.297-298  |l 1897  |m A14841539552 
952 f f |p ric  |a Texas A&M University  |b Rellis Campus  |c Joint Library Facility  |d Remote Storage  |t 0  |e QD1 .L7  |h Library of Congress classification  |i unmediated -- volume  |k Bd.539-540  |l 1939  |m A14818717189 
952 f f |p ric  |a Texas A&M University  |b Rellis Campus  |c Joint Library Facility  |d Remote Storage  |t 0  |e QD1 .L7  |h Library of Congress classification  |i unmediated -- volume  |k Bd.619-622  |l 1958-1959  |m A14813830339 
952 f f |p ric  |a Texas A&M University  |b Rellis Campus  |c Joint Library Facility  |d Remote Storage  |t 0  |e QD1 .L7  |h Library of Congress classification  |i unmediated -- volume  |k Bd.735-738  |l 1970  |m A14813831683 
952 f f |p ric  |a Texas A&M University  |b Rellis Campus  |c Joint Library Facility  |d Remote Storage  |t 0  |e QD1 .L7  |h Library of Congress classification  |i unmediated -- volume  |k Bd.287-288  |l 1895  |m A14841539510 
952 f f |p ric  |a Texas A&M University  |b Rellis Campus  |c Joint Library Facility  |d Remote Storage  |t 0  |e QD1 .L7  |h Library of Congress classification  |i unmediated -- volume  |k Bd.519-520  |l 1935  |m A14813829984 
952 f f |p ric  |a Texas A&M University  |b Rellis Campus  |c Joint Library Facility  |d Remote Storage  |t 0  |e QD1 .L7  |h Library of Congress classification  |i unmediated -- volume  |k Bd.267-268  |l 1892  |m A14841539463 
952 f f |p ric  |a Texas A&M University  |b Rellis Campus  |c Joint Library Facility  |d Remote Storage  |t 0  |e QD1 .L7  |h Library of Congress classification  |i unmediated -- volume  |k Bd.165/220:Register  |l 1873/1883  |m A14841531978 
952 f f |p ric  |a Texas A&M University  |b Rellis Campus  |c Joint Library Facility  |d Remote Storage  |t 0  |e QD1 .L7  |h Library of Congress classification  |i unmediated -- volume  |k Bd.259-260  |l 1890  |m A14841539455 
952 f f |p ric  |a Texas A&M University  |b Rellis Campus  |c Joint Library Facility  |d Remote Storage  |t 0  |e QD1 .L7  |h Library of Congress classification  |i unmediated -- volume  |k Bd.739-742  |l 1970  |m A14813831691 
952 f f |p ric  |a Texas A&M University  |b Rellis Campus  |c Joint Library Facility  |d Remote Storage  |t 0  |e QD1 .L7  |h Library of Congress classification  |i unmediated -- volume  |k Bd.177-178  |l 1875  |m A14841532144 
952 f f |p ric  |a Texas A&M University  |b Rellis Campus  |c Joint Library Facility  |d Remote Storage  |t 0  |e QD1 .L7  |h Library of Congress classification  |i unmediated -- volume  |k Bd.209-210  |l 1881  |m A14841531952 
952 f f |p ric  |a Texas A&M University  |b Rellis Campus  |c Joint Library Facility  |d Remote Storage  |t 0  |e QD1 .L7  |h Library of Congress classification  |i unmediated -- volume  |k Bd.193-194  |l 1878  |m A14813829125 
952 f f |p ric  |a Texas A&M University  |b Rellis Campus  |c Joint Library Facility  |d Remote Storage  |t 0  |e QD1 .L7  |h Library of Congress classification  |i unmediated -- volume  |k 1977:Heft 7-12  |m 32939000045906 
952 f f |p ric  |a Texas A&M University  |b Rellis Campus  |c Joint Library Facility  |d Remote Storage  |t 0  |e QD1 .L7  |h Library of Congress classification  |i unmediated -- volume  |k Bd.513-514  |l 1934  |m A14813829950 
952 f f |p ric  |a Texas A&M University  |b Rellis Campus  |c Joint Library Facility  |d Remote Storage  |t 0  |e QD1 .L7  |h Library of Congress classification  |i unmediated -- volume  |k Bd.551-552  |l 1942  |m A14824184792 
952 f f |p ric  |a Texas A&M University  |b Rellis Campus  |c Joint Library Facility  |d Remote Storage  |t 0  |e QD1 .L7  |h Library of Congress classification  |i unmediated -- volume  |k Bd.567-568  |l 1950  |m A14821477251 
952 f f |p ric  |a Texas A&M University  |b Rellis Campus  |c Joint Library Facility  |d Remote Storage  |t 0  |e QD1 .L7  |h Library of Congress classification  |i unmediated -- volume  |k Bd.173-174  |l 1874  |m A14841532089 
952 f f |p ric  |a Texas A&M University  |b Rellis Campus  |c Joint Library Facility  |d Remote Storage  |t 0  |e QD1 .L7  |h Library of Congress classification  |i unmediated -- volume  |k Bd.555-556  |l 1943-1944  |m A14813830198 
952 f f |p ric  |a Texas A&M University  |b Rellis Campus  |c Joint Library Facility  |d Remote Storage  |t 0  |e QD1 .L7  |h Library of Congress classification  |i unmediated -- volume  |k Bd.273-274  |l 1893  |m A14837984949 
952 f f |p ric  |a Texas A&M University  |b Rellis Campus  |c Joint Library Facility  |d Remote Storage  |t 0  |e QD1 .L7  |h Library of Congress classification  |i unmediated -- volume  |k Bd.557-558  |l 1945-1947  |m A14813830107 
952 f f |p ric  |a Texas A&M University  |b Rellis Campus  |c Joint Library Facility  |d Remote Storage  |t 0  |e QD1 .L7  |h Library of Congress classification  |i unmediated -- volume  |k Bd.659-662  |l 1962-1963  |m A14813830396 
952 f f |p ric  |a Texas A&M University  |b Rellis Campus  |c Joint Library Facility  |d Remote Storage  |t 0  |e QD1 .L7  |h Library of Congress classification  |i unmediated -- volume  |k Bd.420-421  |l 1920  |m A14813829471 
952 f f |p ric  |a Texas A&M University  |b Rellis Campus  |c Joint Library Facility  |d Remote Storage  |t 0  |e QD1 .L7  |h Library of Congress classification  |i unmediated -- volume  |k Bd.716-720  |l 1968  |m A14813059413 
952 f f |p ric  |a Texas A&M University  |b Rellis Campus  |c Joint Library Facility  |d Remote Storage  |t 0  |e QD1 .L7  |h Library of Congress classification  |i unmediated -- volume  |k Bd.373-374  |l 1910  |m A14813829273 
952 f f |p ric  |a Texas A&M University  |b Rellis Campus  |c Joint Library Facility  |d Remote Storage  |t 0  |e QD1 .L7  |h Library of Congress classification  |i unmediated -- volume  |k Bd.405-406  |l 1914  |m A14813829414 
952 f f |p ric  |a Texas A&M University  |b Rellis Campus  |c Joint Library Facility  |d Remote Storage  |t 0  |e QD1 .L7  |h Library of Congress classification  |i unmediated -- volume  |k Bd.437-438  |l 1924  |m A14813829588 
952 f f |p ric  |a Texas A&M University  |b Rellis Campus  |c Joint Library Facility  |d Remote Storage  |t 0  |e QD1 .L7  |h Library of Congress classification  |i unmediated -- volume  |k Bd.726-730  |l 1969  |m A14813831667 
952 f f |p ric  |a Texas A&M University  |b Rellis Campus  |c Joint Library Facility  |d Remote Storage  |t 0  |e QD1 .L7  |h Library of Congress classification  |i unmediated -- volume  |k Bd.365-366  |l 1909  |m A14813829190 
952 f f |p ric  |a Texas A&M University  |b Rellis Campus  |c Joint Library Facility  |d Remote Storage  |t 0  |e QD1 .L7  |h Library of Congress classification  |i unmediated -- volume  |k Bd.247-248  |l 1888  |m A14841531782 
952 f f |p ric  |a Texas A&M University  |b Rellis Campus  |c Joint Library Facility  |d Remote Storage  |t 0  |e QD1 .L7  |h Library of Congress classification  |i unmediated -- volume  |k Bd.383-384  |l 1911  |m A14819978453 
952 f f |p ric  |a Texas A&M University  |b Rellis Campus  |c Joint Library Facility  |d Remote Storage  |t 0  |e QD1 .L7  |h Library of Congress classification  |i unmediated -- volume  |k Bd.257-258  |l 1890  |m A14841539382 
952 f f |p ric  |a Texas A&M University  |b Rellis Campus  |c Joint Library Facility  |d Remote Storage  |t 0  |e QD1 .L7  |h Library of Congress classification  |i unmediated -- volume  |k Bd.283-284  |l 1894  |m A14841539578 
952 f f |p ric  |a Texas A&M University  |b Rellis Campus  |c Joint Library Facility  |d Remote Storage  |t 0  |e QD1 .L7  |h Library of Congress classification  |i unmediated -- volume  |k Bd.615-618  |l 1958  |m A14813830321 
952 f f |p ric  |a Texas A&M University  |b Rellis Campus  |c Joint Library Facility  |d Remote Storage  |t 0  |e QD1 .L7  |h Library of Congress classification  |i unmediated -- volume  |k Bd.471-472  |l 1929  |m A14813829786 
952 f f |p ric  |a Texas A&M University  |b Rellis Campus  |c Joint Library Facility  |d Remote Storage  |t 0  |e QD1 .L7  |h Library of Congress classification  |i unmediated -- volume  |k Bd.195-196  |l 1879  |m A14818740069 
952 f f |p ric  |a Texas A&M University  |b Rellis Campus  |c Joint Library Facility  |d Remote Storage  |t 0  |e QD1 .L7  |h Library of Congress classification  |i unmediated -- volume  |k Bd.315-316  |l 1901  |m A14813828911 
952 f f |p ric  |a Texas A&M University  |b Rellis Campus  |c Joint Library Facility  |d Remote Storage  |t 0  |e QD1 .L7  |h Library of Congress classification  |i unmediated -- volume  |k Bd.357-358  |l 1907  |m A14813829083 
952 f f |p ric  |a Texas A&M University  |b Rellis Campus  |c Joint Library Facility  |d Remote Storage  |t 0  |e QD1 .L7  |h Library of Congress classification  |i unmediated -- volume  |k Bd.339-340  |l 1905  |m A14813828713 
952 f f |p ric  |a Texas A&M University  |b Rellis Campus  |c Joint Library Facility  |d Remote Storage  |t 0  |e QD1 .L7  |h Library of Congress classification  |i unmediated -- volume  |k Bd.667-670  |l 1963  |m A14839488630 
952 f f |p ric  |a Texas A&M University  |b Rellis Campus  |c Joint Library Facility  |d Remote Storage  |t 0  |e QD1 .L7  |h Library of Congress classification  |i unmediated -- volume  |k Bd.467-468  |l 1928-1929  |m A14813829760 
952 f f |p ric  |a Texas A&M University  |b Rellis Campus  |c Joint Library Facility  |d Remote Storage  |t 0  |e QD1 .L7  |h Library of Congress classification  |i unmediated -- volume  |k Bd.501-502  |l 1933  |m A14813829901 
952 f f |p ric  |a Texas A&M University  |b Rellis Campus  |c Joint Library Facility  |d Remote Storage  |t 0  |e QD1 .L7  |h Library of Congress classification  |i unmediated -- volume  |k Bd.507-508  |l 1933-1934  |m A14813829935 
952 f f |p ric  |a Texas A&M University  |b Rellis Campus  |c Joint Library Facility  |d Remote Storage  |t 0  |e QD1 .L7  |h Library of Congress classification  |i unmediated -- volume  |k Bd.415-417  |l 1918  |m A14818740019 
952 f f |p ric  |a Texas A&M University  |b Rellis Campus  |c Joint Library Facility  |d Remote Storage  |t 0  |e QD1 .L7  |h Library of Congress classification  |i unmediated -- volume  |k Bd.663-666  |l 1963  |m A14813830404 
952 f f |p ric  |a Texas A&M University  |b Rellis Campus  |c Joint Library Facility  |d Remote Storage  |t 0  |e QD1 .L7  |h Library of Congress classification  |i unmediated -- volume  |k Bd.731-734  |l 1970  |m A14813831675 
952 f f |p ric  |a Texas A&M University  |b Rellis Campus  |c Joint Library Facility  |d Remote Storage  |t 0  |e QD1 .L7  |h Library of Congress classification  |i unmediated -- volume  |k Bd.261-262  |l 1891  |m A14841539421 
952 f f |p ric  |a Texas A&M University  |b Rellis Campus  |c Joint Library Facility  |d Remote Storage  |t 0  |e QD1 .L7  |h Library of Congress classification  |i unmediated -- volume  |k Bd.491-492  |l 1931-1932  |m A14818717171 
952 f f |p ric  |a Texas A&M University  |b Rellis Campus  |c Joint Library Facility  |d Remote Storage  |t 0  |e QD1 .L7  |h Library of Congress classification  |i unmediated -- volume  |k Bd.213-214  |l 1882  |m A14841532013 
952 f f |p ric  |a Texas A&M University  |b Rellis Campus  |c Joint Library Facility  |d Remote Storage  |t 0  |e QD1 .L7  |h Library of Congress classification  |i unmediated -- volume  |k Bd.307-308  |l 1899  |m A14841539560 
952 f f |p ric  |a Texas A&M University  |b Rellis Campus  |c Joint Library Facility  |d Remote Storage  |t 0  |e QD1 .L7  |h Library of Congress classification  |i unmediated -- volume  |k Bd.523-524  |l 1936  |m A14812210082 
952 f f |p ric  |a Texas A&M University  |b Rellis Campus  |c Joint Library Facility  |d Remote Storage  |t 0  |e QD1 .L7  |h Library of Congress classification  |i unmediated -- volume  |k 1974:Heft 7-9  |m A14813831766 
952 f f |p ric  |a Texas A&M University  |b Rellis Campus  |c Joint Library Facility  |d Remote Storage  |t 0  |e QD1 .L7  |h Library of Congress classification  |i unmediated -- volume  |k Bd.377-378  |l 1910  |m A14813829299 
952 f f |p ric  |a Texas A&M University  |b Rellis Campus  |c Joint Library Facility  |d Remote Storage  |t 0  |e QD1 .L7  |h Library of Congress classification  |i unmediated -- volume  |k Bd.337-338  |l 1904  |m A14813828820 
952 f f |p ric  |a Texas A&M University  |b Rellis Campus  |c Joint Library Facility  |d Remote Storage  |t 0  |e QD1 .L7  |h Library of Congress classification  |i unmediated -- volume  |k Bd.323-324  |l 1902  |m A14813829141 
952 f f |p ric  |a Texas A&M University  |b Rellis Campus  |c Joint Library Facility  |d Remote Storage  |t 0  |e QD1 .L7  |h Library of Congress classification  |i unmediated -- volume  |k Bd.681-685  |l 1965  |m A14813831626 
952 f f |p ric  |a Texas A&M University  |b Rellis Campus  |c Joint Library Facility  |d Remote Storage  |t 0  |e QD1 .L7  |h Library of Congress classification  |i unmediated -- volume  |k Bd.245-246  |l 1888  |m A14841531855 
952 f f |p ric  |a Texas A&M University  |b Rellis Campus  |c Joint Library Facility  |d Remote Storage  |t 0  |e QD1 .L7  |h Library of Congress classification  |i unmediated -- volume  |k Bd.347-348  |l 1906  |m A14813828721 
952 f f |p ric  |a Texas A&M University  |b Rellis Campus  |c Joint Library Facility  |d Remote Storage  |t 0  |e QD1 .L7  |h Library of Congress classification  |i unmediated -- volume  |k Bd.215-216  |l 1882  |m A14841531889 
952 f f |p ric  |a Texas A&M University  |b Rellis Campus  |c Joint Library Facility  |d Remote Storage  |t 0  |e QD1 .L7  |h Library of Congress classification  |i unmediated -- volume  |k Bd.363-364  |l 1908  |m A14813829182 
952 f f |p ric  |a Texas A&M University  |b Rellis Campus  |c Joint Library Facility  |d Remote Storage  |t 0  |e QD1 .L7  |h Library of Congress classification  |i unmediated -- volume  |k Bd.591-592  |l 1955  |m A14812210032 
952 f f |p ric  |a Texas A&M University  |b Rellis Campus  |c Joint Library Facility  |d Remote Storage  |t 0  |e QD1 .L7  |h Library of Congress classification  |i unmediated -- volume  |k Bd.473-474  |l 1929  |m A14818717163 
952 f f |p ric  |a Texas A&M University  |b Rellis Campus  |c Joint Library Facility  |d Remote Storage  |t 0  |e QD1 .L7  |h Library of Congress classification  |i unmediated -- volume  |k Bd.559-560  |l 1948  |m A14813830115 
998 f f |a QD1 .L7  |s 1973-1978  |t 0  |l Remote Storage